| 000 | 00908nam a2200253Ia 4500 | ||
|---|---|---|---|
| 003 | OSt | ||
| 005 | 20220923211548.0 | ||
| 006 | a|||||r|||| 00| 0 | ||
| 007 | ta | ||
| 008 | Pun | ||
| 020 |
_a9789384187705 (hbk) _c400 |
||
| 024 | _a290,314 | ||
| 037 |
_b966, 16/12/2015, H.K. Prakashan _cTextual |
||
| 040 |
_aARTS _cARTS _bPun |
||
| 041 |
_2Pun _aPun |
||
| 082 | _aP153, Q4 | ||
| 100 |
_aਚੀਮਾ, ਬਲਦੇਵ ਸਿੰਘ _9156315 |
||
| 245 | 0 |
_aਭਾFਾ ਪੰਜਾਬੀ ਭਾFਾ ਤੇ ਭਾFਾ ਵਿਗਿਆਨ _b ਇਤਿਹਾਸ ਸਿਧਾਂਤ ਤੇ ਵਿਹਾਰ |
|
| 260 |
_aਲੁਧਿਆਣਾ _b ਚੇਤਨਾ ਪ੍ਰਕਾFਨ _c2014 |
||
| 300 |
_a263ਪੰ _ccm. |
||
| 650 | _aਪੰਜਾਬੀ ਭਾFਾ | ||
| 942 |
_hP153, Q4 _cTEXL _2CC |
||
| 999 |
_c300804 _d300804 |
||